| 000 | 00645nam a2200181Ia 4500 | ||
|---|---|---|---|
| 008 | 151018s9999 xx 000 0 und d | ||
| 082 |
_bRBASDV9578 _a600 |
||
| 100 | _aल गो पंडितराव | ||
| 245 | _aसुलभ यंत्रशास्त्र | ||
| 250 | _b3 | ||
| 260 |
_bयुनायटेड बुक कार्पोरेशन _c1971 |
||
| 300 | _a152 | ||
| 600 | _aल गो पंडितराव | ||
| 630 | _aसुलभ यंत्रशास्त्र | ||
| 700 | _aल गो पंडितराव | ||
| 730 | _aसुलभ यंत्रशास्त्र | ||
| 942 | _cBOOK | ||
| 999 |
_c1011942 _d1011939 |
||